000 00474nam a22001697a 4500
005 20251108165238.0
008 250721s1987 xx 000 0 ara d
082 1 4 _a551.439/خلي
100 1 _aدرادكة، خليفة
245 1 0 _aهيدرولوجية المياه الجوفية /
264 1 _aعمان :
_bدار البشير،
_c1987.
300 _a472ص
650 1 7 _aالماء
650 1 7 _aالمياه الجوفية
942 _2ddc
_cBK
999 _c23124
_d23124